[Event "EU-chT (Women) 08th"]
[Site "Novi Sad"]
[Date "2009.10.27"]
[Round "6"]
[White "Peng, Zhaoqin"]
[Black "Maric, Alisa"]
[Result "0-1"]
[WhiteElo "2407"]
[BlackElo "2405"]
[PlyCount "100"]
[EventDate "2009.10.22"]
[EventType "team-swiss"]
[EventRounds "9"]
[EventCountry "YUG"]
[SourceTitle "EXT 2010"]
[Source "ChessBase"]
[SourceDate "2010.11.25"]
[SourceVersion "1"]
[SourceVersionDate "2010.11.25"]
[SourceQuality "1"]
[WhiteTeam "Netherlands (W)"]
[BlackTeam "Serbia (W)"]
[WhiteTeamCountry "NED"]
[BlackTeamCountry "SRB"]

1. d4 Nf6 2. c4 e6 3. Nc3 Bb4 4. Qc2 0-0 5. a3 Bxc3+ 6. Qxc3 b6 7. Bg5 Bb7 8. e3 d6 9. Ne2 Nbd7 10. Qc2 c5 11. Rd1 Qe7 12. Nc3 cxd4 13. Rxd4 Rfc8 14. f3 Qf8 15. Qd1 Ne8 16. Be2 Ne5 17. 0-0 Nc6 18. Rd2 Na5 19. Qa4 Rc5 20. Bf4 Bc6 21. Qb4 e5 22. Bg3 Nc7 23. a4 Na6 24. Qa3 Nxc4 25. Bxc4 Rxc4 26. Rxd6 Qe8 27. Qa2 Rb4 28. e4 Nc5 29. a5 Nb7 30. Rd2 Nxa5 31. Nd5 Ra4 32. Qb1 Rc8 33. Rfd1 Nb3 34. Rf2 Bxd5 35. exd5 Ra1 36. Qxa1 Nxa1 37. Rxa1 Qd7 38. Bxe5 Qxd5 39. Bc3 a5 40. Rd2 Qe6 41. Rd3 h6 42. h3 Kh7 43. Kh1 Rc6 44. Re1 Qa2 45. Rd7 Re6 46. Red1 Qb3 47. R1d3 Rg6 48. Kh2 Qc4 49. Be5 Qc5 50. f4 Qf2 0-1

[Event "EU-chT (Women) 08th"]
[Site "Novi Sad"]
[Date "2009.10.22"]
[Round "1"]
[White "Maric, Alisa"]
[Black "Rapport, Jovana"]
[Result "1/2-1/2"]
[WhiteElo "2405"]
[BlackElo "2359"]
[PlyCount "69"]
[EventDate "2009.10.22"]
[EventType "team-swiss"]
[EventRounds "9"]
[EventCountry "YUG"]
[SourceTitle "EXT 2010"]
[Source "ChessBase"]
[SourceDate "2010.11.25"]
[SourceVersion "1"]
[SourceVersionDate "2010.11.25"]
[SourceQuality "1"]
[WhiteTeam "Serbia (W)"]
[BlackTeam "Montenegro (W)"]
[WhiteTeamCountry "SRB"]
[BlackTeamCountry "MNE"]

1. Nf3 Nf6 2. c4 g6 3. g3 Bg7 4. Bg2 0-0 5. 0-0 c6 6. d4 d5 7. cxd5 cxd5 8. Nc3 Nc6 9. Ne5 Nxe5 10. dxe5 Ng4 11. Nxd5 Bxe5 12. Qb3 e6 13. Nc3 Bg7 14. h3 Ne5 15. Rd1 Qc7 16. Nb5 Qc4 17. Bf4 a6 18. Nd6 Qxb3 19. axb3 Nc6 20. Bxc6 bxc6 21. Nc4 e5 22. Bxe5 Bxh3 23. Bxg7 Kxg7 24. Rd6 Rfb8 25. Ra3 c5 26. Rc6 Rb5 27. Nd6 Rb4 28. Rxc5 Be6 29. Nc4 Rab8 30. Na5 Rd8 31. Nc4 Rdb8 32. Rxa6 Rxb3 33. Ra1 Bxc4 34. Rxc4 Rxb2 35. Re4 1/2-1/2

[Event "Athens Acropolis op-A 24th"]
[Site "Chalkida"]
[Date "2009.08.18"]
[Round "9.23"]
[White "Vragoteris, Antonios"]
[Black "Maric, Alisa"]
[Result "1/2-1/2"]
[WhiteElo "2266"]
[BlackElo "2407"]
[PlyCount "29"]
[EventDate "2009.08.10"]
[EventType "swiss"]
[EventRounds "9"]
[EventCountry "GRE"]
[SourceTitle "CBM 131 Extra"]
[Source "ChessBase"]
[SourceDate "2009.09.03"]
[SourceVersion "2"]
[SourceVersionDate "2009.09.16"]
[SourceQuality "1"]

1. d4 e6 2. c4 Nf6 3. Nf3 b6 4. g3 Ba6 5. Qa4 Bb7 6. Bg2 c5 7. 0-0 cxd4 8. Nxd4 Bxg2 9. Kxg2 Qc8 10. f3 Nc6 11. Nxc6 Qxc6 12. Qxc6 dxc6 13. Be3 0-0-0 14. Bf4 Bd6 15. Nc3 1/2-1/2

[Event "Athens Acropolis op-A 24th"]
[Site "Chalkida"]
[Date "2009.08.17"]
[Round "8.19"]
[White "Maric, Alisa"]
[Black "Danielian, Elina"]
[Result "0-1"]
[WhiteElo "2407"]
[BlackElo "2502"]
[PlyCount "64"]
[EventDate "2009.08.10"]
[EventType "swiss"]
[EventRounds "9"]
[EventCountry "GRE"]
[SourceTitle "CBM 131 Extra"]
[Source "ChessBase"]
[SourceDate "2009.09.03"]
[SourceVersion "2"]
[SourceVersionDate "2009.09.16"]
[SourceQuality "1"]

1. Nf3 d5 2. d4 c6 3. e3 Nf6 4. c4 e6 5. Nc3 Nbd7 6. Qc2 Bd6 7. Bd3 0-0 8. 0-0 dxc4 9. Bxc4 b5 10. Be2 Bb7 11. e4 e5 12. a3 Re8 13. Rd1 Qc7 14. g3 exd4 15. Nxd4 Be5 16. Bf3 a6 17. Nf5 c5 18. Nd5 Nxd5 19. exd5 Qb6 20. a4 Rac8 21. axb5 axb5 22. Be3 b4 23. Rd2 Qf6 24. Bg4 c4 25. Ra7 b3 26. Qb1 Rb8 27. Nd4 Nc5 28. Nc6 Bxc6 29. Bxc5 c3 30. bxc3 Bxc3 31. Rd1 Bxd5 32. Rd7 Be4 0-1

[Event "Athens Acropolis op-A 24th"]
[Site "Chalkida"]
[Date "2009.08.15"]
[Round "6"]
[White "Maric, Alisa"]
[Black "Kaforos, Dimitrios Alkis"]
[Result "1-0"]
[WhiteElo "2407"]
[BlackElo "2203"]
[PlyCount "63"]
[EventDate "2009.08.10"]
[EventType "swiss"]
[EventRounds "9"]
[EventCountry "GRE"]
[SourceTitle "CBM 131 Extra"]
[Source "ChessBase"]
[SourceDate "2009.09.03"]
[SourceVersion "2"]
[SourceVersionDate "2009.09.16"]
[SourceQuality "1"]

1. Nf3 Nc6 2. d4 d5 3. c4 Bg4 4. Nc3 e6 5. Bf4 Be7 6. e3 Nf6 7. h3 Bh5 8. Be2 0-0 9. 0-0 dxc4 10. Bxc4 Nb4 11. Qb3 Bg6 12. Rac1 Bd3 13. Rfd1 Bxc4 14. Qxc4 c6 15. e4 Qb6 16. a3 Qa6 17. Ne5 Qxc4 18. Nxc4 Na6 19. Na5 Nh5 20. Bh2 Bg5 21. Rc2 c5 22. Nxb7 cxd4 23. Rxd4 Bf4 24. Bxf4 Nxf4 25. Nb5 Rac8 26. Rdc4 Rxc4 27. Rxc4 Nd3 28. b4 f5 29. exf5 Nxf2 30. Kxf2 Rxf5+ 31. Kg1 Rxb5 32. Rc8+ 1-0

[Event "Athens Acropolis op-A 24th"]
[Site "Chalkida"]
[Date "2009.08.14"]
[Round "5"]
[White "Svetushkin, Dmitry"]
[Black "Maric, Alisa"]
[Result "1-0"]
[WhiteElo "2607"]
[BlackElo "2407"]
[PlyCount "91"]
[EventDate "2009.08.10"]
[EventType "swiss"]
[EventRounds "9"]
[EventCountry "GRE"]
[SourceTitle "CBM 131 Extra"]
[Source "ChessBase"]
[SourceDate "2009.09.03"]
[SourceVersion "2"]
[SourceVersionDate "2009.09.16"]
[SourceQuality "1"]

1. d4 Nf6 2. c4 e6 3. Nf3 b6 4. a3 Bb7 5. Nc3 d5 6. Bf4 Be7 7. e3 0-0 8. Qc2 c5 9. dxc5 bxc5 10. Be2 Nbd7 11. cxd5 exd5 12. Rd1 Qb6 13. 0-0 Rfd8 14. Rd2 h6 15. Rfd1 a6 16. h3 Rac8 17. Ne5 Qe6 18. Nxd7 Qxd7 19. Be5 d4 20. exd4 cxd4 21. Rxd4 Qe6 22. Rxd8+ Bxd8 23. Bg3 Ba5 24. Bd3 Qc6 25. Bf1 Nd5 26. Be5 Qe6 27. Qb3 Nxc3 28. Qxe6 fxe6 29. Rd7 Rc5 30. Bd4 Rc7 31. Rxc7 Bxc7 32. Bxc3 Bb6 33. b4 Kf7 34. Bd3 Ba7 35. Kf1 Bb6 36. g3 Bd8 37. Ke2 Bf6 38. Bxf6 Kxf6 39. Ke3 Ke5 40. f4+ Kd6 41. Kd4 Bc8 42. h4 Bb7 43. a4 Bc8 44. a5 Bb7 45. Be2 Bc8 46. b5 1-0

[Event "Olympiad Women-38"]
[Site "Dresden"]
[Date "2008.11.23"]
[Round "10"]
[White "Maric, Alisa"]
[Black "Lagno, Kateryna"]
[Result "1/2-1/2"]
[WhiteElo "2405"]
[BlackElo "2488"]
[PlyCount "78"]
[EventDate "2008.11.13"]
[EventType "team-swiss"]
[EventRounds "11"]
[EventCountry "GER"]
[SourceTitle "CBM 128"]
[Source "ChessBase"]
[SourceDate "2009.01.28"]
[SourceVersion "1"]
[SourceVersionDate "2009.01.28"]
[SourceQuality "1"]
[WhiteTeam "Serbia (W)"]
[BlackTeam "Ukraine (W)"]
[WhiteTeamCountry "YUG"]
[BlackTeamCountry "UKR"]

1. Nf3 Nf6 2. c4 g6 3. g3 Bg7 4. Bg2 d5 5. cxd5 Nxd5 6. d4 Nb6 7. Nc3 Nc6 8. e3 0-0 9. 0-0 Re8 10. d5 Na5 11. Nd4 Bd7 12. e4 c6 13. Re1 cxd5 14. exd5 Rc8 15. Bf4 Nac4 16. b3 Nd6 17. Qd2 Nf5 18. Nde2 Na8 19. Rac1 Qa5 20. Ne4 Qxd2 21. Bxd2 Bb2 22. Rxc8 Rxc8 23. Bc3 Bxc3 24. N4xc3 Nc7 25. Rc1 Kf8 26. f4 Na6 27. Nd1 Nb4 28. Rxc8+ Bxc8 29. Nec3 Ke8 30. Kf2 b6 31. Be4 Nd6 32. Bf3 Ba6 33. Ke3 Nf5+ 34. Kd2 Nd4 35. Be4 Bc8 36. Ke3 Nf5+ 37. Kd2 Nd4 38. Ke3 Nf5+ 39. Kd2 Nd4 1/2-1/2

[Event "Olympiad Women-38"]
[Site "Dresden"]
[Date "2008.11.14"]
[Round "2"]
[White "Maric, Alisa"]
[Black "Arribas Robaina, Maritza"]
[Result "1-0"]
[WhiteElo "2405"]
[BlackElo "2303"]
[PlyCount "53"]
[EventDate "2008.11.13"]
[EventType "team-swiss"]
[EventRounds "11"]
[EventCountry "GER"]
[SourceTitle "CBM 128"]
[Source "ChessBase"]
[SourceDate "2009.01.28"]
[SourceVersion "1"]
[SourceVersionDate "2009.01.28"]
[SourceQuality "1"]
[WhiteTeam "Serbia (W)"]
[BlackTeam "Cuba (W)"]
[WhiteTeamCountry "YUG"]
[BlackTeamCountry "CUB"]

1. Nf3 d5 2. d4 Nf6 3. c4 c6 4. e3 a6 5. Bd3 e6 6. 0-0 dxc4 7. Bxc4 c5 8. a4 Nc6 9. Nc3 Be7 10. Ne5 Nb4 11. Qe2 cxd4 12. Rd1 d3 13. Nxd3 Qc7 14. Nxb4 Bxb4 15. e4 e5 16. Bg5 Bxc3 17. bxc3 Bg4 18. f3 Bd7 19. Bxf6 Qb6+ 20. Qf2 Qxf6 21. Bd5 Rc8 22. Bxb7 Rxc3 23. Rxd7 Kxd7 24. Qd2+ Kc7 25. Qxc3+ Kxb7 26. Rb1+ Ka8 27. Qc7 1-0

[Event "Olympiad Women-38"]
[Site "Dresden"]
[Date "2008.11.13"]
[Round "1"]
[White "Fierro Baquero, Martha Lorena"]
[Black "Maric, Alisa"]
[Result "1-0"]
[WhiteElo "2361"]
[BlackElo "2405"]
[PlyCount "91"]
[EventDate "2008.11.13"]
[EventType "team-swiss"]
[EventRounds "11"]
[EventCountry "GER"]
[SourceTitle "CBM 128"]
[Source "ChessBase"]
[SourceDate "2009.01.28"]
[SourceVersion "1"]
[SourceVersionDate "2009.01.28"]
[SourceQuality "1"]
[WhiteTeam "Ecuador (W)"]
[BlackTeam "Serbia (W)"]
[WhiteTeamCountry "ECU"]
[BlackTeamCountry "YUG"]

1. e4 e6 2. d4 d5 3. Nd2 dxe4 4. Nxe4 Nd7 5. Nf3 Ngf6 6. Nxf6+ Nxf6 7. c3 Be7 8. Bd3 0-0 9. 0-0 b6 10. Qe2 Bb7 11. Bf4 Qc8 12. Rfe1 c5 13. Rad1 a6 14. Be5 Rd8 15. a3 Qc6 16. Rd2 Ng4 17. Bg3 cxd4 18. cxd4 b5 19. d5 Rxd5 20. Be4 Nf6 21. Bxd5 Nxd5 22. Rc2 Qe8 23. Nd2 Rc8 24. Rec1 Rxc2 25. Rxc2 Qa8 26. Nf3 Nb6 27. Be5 Nc4 28. Bc3 Bd5 29. Rc1 h6 30. Rd1 Qb7 31. h3 Nb6 32. Qe3 Nc4 33. Qf4 f6 34. Qg4 Qc6 35. Nh4 Qe8 36. Ng6 Qf7 37. h4 f5 38. Nxe7+ Qxe7 39. Qg3 Qf7 40. Re1 Kh7 41. Rc1 Qb7 42. b3 Nb6 43. Bd4 Na8 44. Rc3 Qf7 45. Qf4 Qh5 46. Rg3 1-0

[Event "EU-Cup (Women) 13th"]
[Site "Kallithea"]
[Date "2008.10.17"]
[Round "1"]
[White "Cherenkova, Kristina"]
[Black "Maric, Alisa"]
[Result "0-1"]
[WhiteElo "2245"]
[BlackElo "2405"]
[PlyCount "96"]
[EventDate "2008.10.17"]
[EventType "team-swiss"]
[EventRounds "7"]
[EventCountry "GRE"]
[SourceTitle "CBM 126 Extra"]
[Source "ChessBase"]
[SourceDate "2008.11.05"]
[SourceVersion "1"]
[SourceVersionDate "2008.11.05"]
[SourceQuality "1"]
[WhiteTeam "Attikis Aspropirgos (W)"]
[BlackTeam "Podgorica T Com (W)"]
[WhiteTeamCountry "GRE"]
[BlackTeamCountry "YUG"]

1. e4 e6 2. d3 d5 3. Nd2 c5 4. Ngf3 Nf6 5. g3 g6 6. Bg2 Bg7 7. 0-0 0-0 8. c3 Nc6 9. e5 Nd7 10. d4 b5 11. Re1 Rb8 12. Nf1 b4 13. Ne3 cxd4 14. cxd4 f6 15. exf6 Nxf6 16. Ne5 Qb6 17. N3c4 dxc4 18. Nxc6 Rb7 19. Ne5 Rc7 20. Be3 Nd5 21. Rc1 c3 22. bxc3 bxc3 23. h4 Bb7 24. h5 gxh5 25. Bxd5 Bxd5 26. Qxh5 Qb5 27. Bf4 Ba8 28. Qh3 Rf5 29. Rb1 Qe8 30. Nd3 Rc8 31. Qxf5 exf5 32. Rxe8+ Rxe8 33. Ne5 Bd5 34. Rc1 Rc8 35. a4 c2 36. f3 Bf8 37. Nd7 Bxf3 38. Nxf8 Kxf8 39. Kf2 Be4 40. Bd6+ Kf7 41. Bc5 Rb8 42. d5 a6 43. d6 Ke6 44. Be3 Rb4 45. Bf4 Rxa4 46. Ke3 Rb4 47. Kd2 Rb1 48. Kc3 a5 0-1

[Event "SRB-chT (Women)"]
[Site "Subotica"]
[Date "2008.09.11"]
[Round "9"]
[White "Maric, Alisa"]
[Black "Hryhorenko, Nataliya"]
[Result "1/2-1/2"]
[WhiteElo "2412"]
[BlackElo "2345"]
[PlyCount "64"]
[EventDate "2008.09.03"]
[EventType "team"]
[EventRounds "11"]
[EventCountry "YUG"]
[SourceTitle "CBM 126 Extra"]
[Source "ChessBase"]
[SourceDate "2008.11.05"]
[SourceVersion "1"]
[SourceVersionDate "2008.11.05"]
[SourceQuality "1"]

1. Nf3 d5 2. c4 c6 3. e3 Nf6 4. Qc2 g6 5. b3 Bg7 6. Bb2 0-0 7. Be2 Bg4 8. 0-0 Nbd7 9. d3 Bxf3 10. Bxf3 e5 11. b4 Re8 12. cxd5 Nxd5 13. a3 N7b6 14. Nd2 a5 15. bxa5 Rxa5 16. Nb3 Ra8 17. Nc5 Bf8 18. Bd1 Nd7 19. Nxd7 Qxd7 20. Bf3 Nf6 21. a4 Bd6 22. Bc3 Nd5 23. Bxd5 cxd5 24. Bb2 Ra6 25. Qb3 Rea8 26. Qxd5 Ra5 27. Qb3 Rxa4 28. Rxa4 Rxa4 29. Qd5 Qc6 30. Qxc6 bxc6 31. Ra1 Rxa1+ 32. Bxa1 f5 1/2-1/2

[Event "SRB-chT (Women)"]
[Site "Subotica"]
[Date "2008.09.09"]
[Round "7"]
[White "Maric, Alisa"]
[Black "Chelushkina, Irina"]
[Result "0-1"]
[WhiteElo "2412"]
[BlackElo "2347"]
[PlyCount "98"]
[EventDate "2008.09.03"]
[EventType "team"]
[EventRounds "11"]
[EventCountry "YUG"]
[SourceTitle "CBM 126 Extra"]
[Source "ChessBase"]
[SourceDate "2008.11.05"]
[SourceVersion "1"]
[SourceVersionDate "2008.11.05"]
[SourceQuality "1"]

1. Nf3 Nf6 2. c4 g6 3. g3 Bg7 4. Bg2 0-0 5. 0-0 d5 6. cxd5 Nxd5 7. d4 c6 8. e4 Nc7 9. Nc3 Nd7 10. Be3 Nb6 11. Qe2 Bg4 12. Rfd1 Qc8 13. a4 f5 14. h3 Bh5 15. a5 fxe4 16. Nxe4 Bxf3 17. Bxf3 Nbd5 18. Bg4 e6 19. h4 Kh8 20. Kg2 Qe8 21. Nd6 Nxe3+ 22. fxe3 Qe7 23. Nxb7 e5 24. Nc5 Rad8 25. Rac1 exd4 26. exd4 Qxe2+ 27. Bxe2 Nd5 28. Rd3 Bh6 29. Rb1 Rde8 30. Bg4 Ne3+ 31. Kh3 Rf2 32. Bd7 Ref8 33. Bxc6 Re2 34. Ne4 Nf1 35. Rxf1 Rxf1 36. b4 Bf8 37. b5 h5 38. g4 Rh1+ 39. Kg3 hxg4 40. Kxg4 Be7 41. Ng5 Rg1+ 42. Rg3 Rd1 43. Kf3 Rb2 44. Ke4 Bf6 45. Nf3 Kh7 46. Kf4 Bxd4 47. Be8 Bf2 48. Ng5+ Kh6 49. Rc3 Bxh4 0-1

[Event "Athens Acropolis op"]
[Site "Athens"]
[Date "2008.08.11"]
[Round "3"]
[White "Maric, Alisa"]
[Black "Sarandos, Vasilios"]
[Result "1-0"]
[WhiteElo "2412"]
[BlackElo "2259"]
[PlyCount "61"]
[EventDate "2008.08.09"]
[EventType "swiss"]
[EventRounds "9"]
[EventCountry "GRE"]
[SourceTitle "CBM 125 Extra"]
[Source "ChessBase"]
[SourceDate "2008.09.01"]
[SourceVersion "1"]
[SourceVersionDate "2008.09.01"]
[SourceQuality "1"]

1. Nf3 d5 2. e3 Nf6 3. c4 c6 4. Qc2 e6 5. b3 Nbd7 6. Bb2 Bd6 7. d4 0-0 8. Nbd2 Qe7 9. Bd3 h6 10. Ne5 Ba3 11. 0-0 Bxb2 12. Qxb2 Nxe5 13. dxe5 Nd7 14. f4 f6 15. exf6 Qxf6 16. Qc2 b6 17. Kh1 Bb7 18. e4 Rac8 19. Rae1 Qh4 20. Nf3 Qxf4 21. exd5 Nf6 22. dxe6 Rfd8 23. e7 Rd6 24. Bg6 c5 25. Ne5 Qg5 26. Nf7 Rd2 27. Nxg5 Bxg2+ 28. Kg1 Rxc2 29. Rxf6 gxf6 30. Bxc2 Bc6 31. Ne4 1-0

[Event "Athens Acropolis op"]
[Site "Athens"]
[Date "2008.08.10"]
[Round "2"]
[White "Gelashvili, Tamaz"]
[Black "Maric, Alisa"]
[Result "1-0"]
[WhiteElo "2612"]
[BlackElo "2412"]
[PlyCount "121"]
[EventDate "2008.08.09"]
[EventType "swiss"]
[EventRounds "9"]
[EventCountry "GRE"]
[SourceTitle "CBM 125 Extra"]
[Source "ChessBase"]
[SourceDate "2008.09.01"]
[SourceVersion "1"]
[SourceVersionDate "2008.09.01"]
[SourceQuality "1"]

1. d4 Nf6 2. Nf3 e6 3. c4 b6 4. e3 Bb7 5. Bd3 d5 6. 0-0 Nbd7 7. Nc3 a6 8. Qc2 dxc4 9. Bxc4 b5 10. Bd3 c5 11. a4 b4 12. Ne4 cxd4 13. exd4 Be7 14. Bf4 Nxe4 15. Bxe4 Rc8 16. Qe2 Bxe4 17. Qxe4 Qb6 18. Ne5 Nf6 19. Qd3 0-0 20. Nc4 Qc6 21. Rfc1 Qe4 22. Qxe4 Nxe4 23. Na5 g5 24. Be3 h6 25. h4 f5 26. f3 Ng3 27. Rc6 Rxc6 28. Nxc6 Bd6 29. hxg5 Rc8 30. Ne5 hxg5 31. Bxg5 Ne2+ 32. Kf1 Nxd4 33. Nd3 Kf7 34. Rd1 Nb3 35. Be3 Rc6 36. g4 fxg4 37. fxg4 a5 38. Ke2 Rc2+ 39. Kf3 Bb8 40. Rh1 Kg7 41. Rh5 Nd2+ 42. Bxd2 Rxd2 43. Ke3 Rg2 44. Rxa5 Rg3+ 45. Kd2 Rg2+ 46. Kd1 Rg1+ 47. Kc2 Rg2+ 48. Kb3 Rg3 49. Kc4 Rxg4+ 50. Kb5 Bd6 51. Ra7+ Kf6 52. Rd7 Rd4 53. Kc6 Rxd3 54. Rxd6 Rh3 55. Rd4 b3 56. Rb4 e5 57. a5 e4 58. a6 Ke5 59. a7 Rh6+ 60. Kb7 Rh7+ 61. Ka6 1-0

[Event "Athens Acropolis op"]
[Site "Athens"]
[Date "2008.08.09"]
[Round "1"]
[White "Maric, Alisa"]
[Black "Papadopoulou, Vera"]
[Result "1-0"]
[WhiteElo "2412"]
[BlackElo "2210"]
[PlyCount "105"]
[EventDate "2008.08.09"]
[EventType "swiss"]
[EventRounds "9"]
[EventCountry "GRE"]
[SourceTitle "CBM 125 Extra"]
[Source "ChessBase"]
[SourceDate "2008.09.01"]
[SourceVersion "1"]
[SourceVersionDate "2008.09.01"]
[SourceQuality "1"]

1. Nf3 Nf6 2. c4 e6 3. Nc3 Bb4 4. Qc2 0-0 5. a3 Bxc3 6. Qxc3 d6 7. d4 Ne4 8. Qc2 f5 9. g3 Nd7 10. Bg2 Ndf6 11. 0-0 Qe8 12. Ne1 Qh5 13. f3 Ng5 14. Nd3 h6 15. c5 Qe8 16. cxd6 cxd6 17. Bd2 Qb5 18. b4 Bd7 19. a4 Qb6 20. e3 Rac8 21. Qa2 Nd5 22. h4 Nh7 23. Qb3 Nhf6 24. Rfc1 Kh8 25. Nb2 Qd8 26. Nc4 Nb6 27. Nxd6 Rxc1+ 28. Rxc1 Qb8 29. a5 Qxd6 30. axb6 Qxb6 31. Qa3 Re8 32. Qa5 Qxa5 33. bxa5 Rc8 34. Rxc8+ Bxc8 35. Kf2 Kg8 36. Bb4 Kf7 37. Bc5 a6 38. Bd6 Nd5 39. e4 fxe4 40. fxe4 Nc3 41. Ke3 Nb5 42. Bb8 Bd7 43. Kd3 Na3 44. Kc3 Ke7 45. Kb4 Nc2+ 46. Kc5 Ne3 47. Bf3 Bb5 48. d5 Bf1 49. Bd6+ Kf7 50. Bc7 Nc4 51. g4 exd5 52. exd5 Ne3 53. d6 1-0

[Event "Kavala op 17th"]
[Site "Kavala"]
[Date "2008.08.07"]
[Round "9"]
[White "Sulashvili, Malkhaz"]
[Black "Maric, Alisa"]
[Result "1/2-1/2"]
[WhiteElo "2499"]
[BlackElo "2412"]
[PlyCount "97"]
[EventDate "2008.07.31"]
[EventType "swiss"]
[EventRounds "9"]
[EventCountry "GRE"]
[SourceTitle "CBM 125 Extra"]
[Source "ChessBase"]
[SourceDate "2008.09.01"]
[SourceVersion "1"]
[SourceVersionDate "2008.09.01"]
[SourceQuality "1"]

1. d4 Nf6 2. c4 e6 3. Nf3 b6 4. a3 Bb7 5. Nc3 d5 6. cxd5 Nxd5 7. e3 Be7 8. Bb5+ c6 9. Bd3 0-0 10. 0-0 c5 11. e4 Nxc3 12. bxc3 Qc8 13. Be3 Rd8 14. a4 Ba6 15. a5 Bxd3 16. Qxd3 Nd7 17. axb6 axb6 18. Qb5 Qc7 19. Nd2 cxd4 20. cxd4 Ra5 21. Rxa5 bxa5 22. Nb3 Bb4 23. Rc1 Qb8 24. Qc4 h6 25. Nc5 Nxc5 26. dxc5 Ba3 27. Rf1 Qc7 28. Rb1 Qc6 29. f3 Bb4 30. Kf2 Rd7 31. Ke2 Rd8 32. Rc1 Rd7 33. Rc2 Rd8 34. Bd2 Bxd2 35. Rxd2 Rc8 36. e5 Kh7 37. Qd3+ g6 38. Rc2 a4 39. h4 h5 40. Kf2 Rc7 41. Qd6 a3 42. Kg3 a2 43. Rxa2 Qxc5 44. Ra8 Rc8 45. Ra4 Kg7 46. Rd4 Rc6 47. Qxc5 Rxc5 48. Kf4 Ra5 49. Ke4 1/2-1/2

[Event "Kavala op 17th"]
[Site "Kavala"]
[Date "2008.08.01"]
[Round "3"]
[White "Mastrovasilis, Dimitrios"]
[Black "Maric, Alisa"]
[Result "1/2-1/2"]
[WhiteElo "2563"]
[BlackElo "2412"]
[PlyCount "82"]
[EventDate "2008.07.31"]
[EventType "swiss"]
[EventRounds "9"]
[EventCountry "GRE"]
[SourceTitle "CBM 125 Extra"]
[Source "ChessBase"]
[SourceDate "2008.09.01"]
[SourceVersion "1"]
[SourceVersionDate "2008.09.01"]
[SourceQuality "1"]

1. e4 e6 2. d4 d5 3. Nc3 dxe4 4. Nxe4 Nd7 5. Bd3 Ngf6 6. Qe2 c5 7. Nxf6+ Nxf6 8. dxc5 Bxc5 9. Bd2 0-0 10. 0-0-0 Qd5 11. Kb1 e5 12. f3 Be6 13. c4 Qc6 14. Bc3 Bd4 15. Bxd4 exd4 16. Qc2 Rac8 17. Ne2 Bxc4 18. Bxc4 Qxc4 19. Qxc4 Rxc4 20. Nxd4 g6 21. Rhe1 a6 22. Nb3 Rc7 23. Na5 Kg7 24. b4 b6 25. Nb3 Rfc8 26. Rd6 Rc6 27. Red1 Kf8 28. R1d2 Ke7 29. R6d4 h5 30. Kb2 R8c7 31. a4 Rd7 32. a5 bxa5 33. Nxa5 Re6 34. Nb3 Rxd4 35. Nxd4 Rd6 36. Kb3 Kd7 37. Kc4 Nd5 38. Nb3 Nb6+ 39. Kc5 Na4+ 40. Kc4 Nb6+ 41. Kc5 Na4+ 1/2-1/2

[Event "EU-Cup (Women) 12th"]
[Site "Kemer"]
[Date "2007.10.07"]
[Round "5.2"]
[White "Maric, Alisa"]
[Black "Boric, Elena"]
[Result "1-0"]
[WhiteElo "2408"]
[BlackElo "2279"]
[PlyCount "25"]
[EventDate "2007.10.03"]
[EventType "team-swiss"]
[EventRounds "7"]
[EventCountry "TUR"]
[SourceTitle "EXT 2013"]
[Source "ChessBase"]
[SourceDate "2012.11.22"]
[SourceVersion "1"]
[SourceVersionDate "2012.11.22"]
[SourceQuality "1"]
[WhiteTeam "Podgorica T Com (W)"]
[BlackTeam "Bihac (W)"]
[WhiteTeamCountry "MNE"]
[BlackTeamCountry "BIH"]

1. d4 f5 2. Nc3 Nf6 3. Bg5 g6 4. Bxf6 exf6 5. e3 d5 6. Qf3 Be6 7. Nge2 Bf7 8. a3 Nc6 9. Nf4 Ne7 10. 0-0-0 Qd7 11. Bd3 b6 12. g4 Bg7 13. g5 1-0

[Event "Kavala op 16th"]
[Site "Kavala"]
[Date "2007.08.12"]
[Round "9"]
[White "Mastrovasilis, Dimitrios"]
[Black "Maric, Alisa"]
[Result "1-0"]
[WhiteElo "2541"]
[BlackElo "2398"]
[PlyCount "67"]
[EventDate "2007.08.05"]
[EventType "swiss"]
[EventRounds "9"]
[EventCountry "GRE"]
[SourceTitle "CBM 119 Extra"]
[Source "ChessBase"]
[SourceDate "2007.09.04"]
[SourceVersion "1"]
[SourceVersionDate "2007.09.04"]
[SourceQuality "1"]

1. e4 e6 2. d4 d5 3. Nc3 Nf6 4. e5 Nfd7 5. f4 c5 6. Nf3 Nc6 7. Be3 a6 8. Qd2 b5 9. Qf2 Qb6 10. Bd3 Rb8 11. 0-0 cxd4 12. Nxd4 Nxd4 13. Bxd4 Qxd4 14. Qxd4 Bc5 15. Ne2 Bxd4+ 16. Nxd4 g6 17. b4 Nb6 18. g4 Rb7 19. Rae1 Rc7 20. Rf3 Bd7 21. Kf2 h5 22. Rh3 Ke7 23. gxh5 Rxh5 24. Rxh5 gxh5 25. Rg1 Rc8 26. h4 Na4 27. Ke3 Nc3 28. a3 Ne4 29. Nb3 Rc3 30. Rg7 Be8 31. Kd4 Kf8 32. Rg2 Bc6 33. Na5 Ba8 34. Bxe4 1-0

[Event "EU-Cup (Women) 11th"]
[Site "Fuegen"]
[Date "2006.10.13"]
[Round "6.1"]
[White "Dzagnidze, Nana"]
[Black "Maric, Alisa"]
[Result "1-0"]
[WhiteElo "2432"]
[BlackElo "2394"]
[PlyCount "83"]
[EventDate "2006.10.08"]
[EventType "team-swiss"]
[EventRounds "7"]
[EventCountry "AUT"]
[SourceTitle "EXT 2013"]
[Source "ChessBase"]
[SourceDate "2012.11.22"]
[SourceVersion "1"]
[SourceVersionDate "2012.11.22"]
[SourceQuality "1"]
[WhiteTeam "Sakartvelo Energy Investi (W)"]
[BlackTeam "Podgorica (W)"]
[WhiteTeamCountry "GEO"]
[BlackTeamCountry "MNE"]

1. d4 Nf6 2. Nf3 e6 3. Bg5 c5 4. d5 exd5 5. e3 Be7 6. Nc3 Nc6 7. Be2 0-0 8. 0-0 d6 9. Rb1 Be6 10. Bxf6 Bxf6 11. Nxd5 Bxd5 12. Qxd5 Qc7 13. Rfd1 Rad8 14. Bc4 Nb4 15. Qf5 Qe7 16. Bd5 g6 17. Qf4 b5 18. c3 Na6 19. a4 b4 20. Qc4 bxc3 21. bxc3 Nc7 22. Rb7 a6 23. Rdb1 Rc8 24. h3 Qe8 25. e4 Nxd5 26. exd5 a5 27. R1b6 Qd8 28. Qf4 Bxc3 29. Rxd6 Qe8 30. Rdd7 Rb8 31. d6 Rxb7 32. Rxb7 Qc6 33. Re7 Qd5 34. d7 Kg7 35. Qc7 Bf6 36. Re8 c4 37. Qb8 Qxd7 38. Rxf8 Qd1+ 39. Kh2 Be7 40. Rg8+ Kh6 41. Qf4+ g5 42. Qxf7 1-0

[Event "EU-Cup (Women) 11th"]
[Site "Fuegen"]
[Date "2006.10.10"]
[Round "3.1"]
[White "Maric, Alisa"]
[Black "Chiburdanidze, Maia"]
[Result "1/2-1/2"]
[WhiteElo "2394"]
[BlackElo "2504"]
[PlyCount "43"]
[EventDate "2006.10.08"]
[EventType "team-swiss"]
[EventRounds "7"]
[EventCountry "AUT"]
[SourceTitle "EXT 2013"]
[Source "ChessBase"]
[SourceDate "2012.11.22"]
[SourceVersion "1"]
[SourceVersionDate "2012.11.22"]
[SourceQuality "1"]
[WhiteTeam "Podgorica (W)"]
[BlackTeam "Yerevan Mika (W)"]
[WhiteTeamCountry "MNE"]
[BlackTeamCountry "ARM"]

1. Nf3 Nf6 2. c4 e6 3. d4 Bb4+ 4. Bd2 c5 5. Bxb4 cxb4 6. g3 0-0 7. Bg2 d6 8. 0-0 Re8 9. Re1 a5 10. a3 bxa3 11. Rxa3 Na6 12. Qc2 Qc7 13. Nc3 Qxc4 14. Rxa5 d5 15. Qd2 b6 16. Ra4 Qc6 17. Rea1 Bb7 18. Qd3 Nc7 19. b4 Rxa4 20. Rxa4 Qd6 21. e3 h5 22. Ne2 1/2-1/2